Tektonické zlomy súčasnej ekonomickej vedy

Saved in:
Bibliographic Details
Main Author: Čiderová, Denisa, 1977-
Corporate Author: Ekonomická univerzita v Bratislave. Ústav ekonómie a manažmentu
Other Authors: Ivanová, Pavlína, Staněk, Peter, Vašková, Vanda, Sipko, Juraj, Šikula, Milan
Format: Book
Language:Slovak
Published: Bratislava Vydavateľstvo EKONÓM 2017
Edition:1. vyd.
Subjects:
Tags: Add Tag
No Tags, Be the first to tag this record!

MARC

LEADER 00000nam a2200000 4500
001 0231389
005 20240502073803.8
020 |a 978-80-225-4379-8 
041 0 |a slo 
044 |a SK 
245 1 0 |a Tektonické zlomy súčasnej ekonomickej vedy  |c Peter Staněk a kolektív ; recenzenti: Juraj Sipko, Milan Šikula 
250 |a 1. vyd. 
264 1 |a Bratislava  |b Vydavateľstvo EKONÓM  |c 2017 
300 |a 169 s. [12,88 AH] 
610 2 0 |a veda ekonomická 
610 2 0 |a makroekonomika 
610 2 0 |a mikroekonomika 
610 2 0 |a konkurencieschopnosť 
610 2 0 |a financie medzinárodné 
610 2 0 |a integrácia ekonomická medzinárodná 
610 2 0 |a vzťahy politické medzinárodné 
610 2 0 |a politika medzinárodná 
610 2 0 |a Veľká Británia 
610 2 0 |a Európska únia 
100 1 |a Čiderová, Denisa, 1977- 
700 1 |a Ivanová, Pavlína 
700 1 |a Staněk, Peter 
700 1 |a Vašková, Vanda 
700 1 |a Sipko, Juraj 
700 1 |a Šikula, Milan 
710 2 |a Ekonomická univerzita v Bratislave. Ústav ekonómie a manažmentu